000
00297nam a22001097a 4500
082
_a
341
_b
KHO
100
_a
Khokhar, Munir Ahmad
245
_a
International Law /
_c
Munir Ahmad Khokhar
260
_a
Lahore :
_b
Irfan Law Book House,
_c
2019.
300
_a
1005 p. ;
_c
24 cm.
942
_2
ddc
_c
BK
999
_c
592617
_d
592617